000 00563nam a2200229Ia 4500
003 OSt
005 20220918203049.0
006 a|||||r|||| 00| 0
007 ta
008 220917b |||||||| |||| 00| 0 eng d
024 _a105,749
037 _cTextual
040 _aARTS
_cARTS
_beng
041 _2eng
_aeng
082 _aV3:221:N5, J6
100 _aCarter Byrum E
_9106587
245 0 _aOffice of Prime Minister
260 _c1956
650 _aHISTORY
942 _hV3:221:N5, J6
_cTEXL
_2CC
999 _c229108
_d229108